000 00662nam a2200217Ia 4500
001 7811
003 GE_BSU
008 181216s||||||||xx |||||||||||||| ||und||
040 _cGE_BSU
080 _a621.316(075.8)
100 _aКостенко,М.П. Пиотровский,Л.М.
245 _aЭлектрические машины.Ч.2. Машины переменного тока.
245 _bУчеб. пособие.
245 _cРед. Вольдек.
260 _aМ.-Л.
260 _bГосэнергоиздат.
260 _c1958.
300 _a651стр. 22 см.
653 _aЭлектрические машины.
942 _cBK
999 _c41161
_d41161